000 00533nam a2200181Ia 4500
003 GCL
008 140319s9999 xx 000 0 ara d
040 _aGCL /
_cGCL
082 0 4 _a414
_bب م
100 1 _aبسيونى عبدالفتاح فيود
245 1 0 _aمن بلاغة النظم القرانى /
_cبسيونى عبدالفتاح فيود
300 _a430 ص
490 _a
650 0 4 _aاللغة العربية
650 0 4 _aالبلاغة العربية
650 0 4 _aالقران - بلاغة
942 _2ddc
_cBK
999 _c37776
_d37776